Регионална библиотека "Любен Каравелов" - Русе

Увеличение четиридесет (Запис номер 179178)

MARC детайли
000 -Лидер
Контролно поле с фиксирана дължина 01453nam a2200349 c 4500
003 - Код на организацията, давaща контролен номер
Контролно поле BLK
005 - Дата и час на последна редакция
Контролно поле 20180422115009.0
008 - Елементи от данни с фиксирана дължина
fixed length control field 180411b bul|||||r ||||||| ||bul||
010 ## - Наследен системен номер
LC control number KNG00187950000
020 ## - Международен стандартен номер на книга ISBN
Международен стандартен номер на книга ISBN 978-954-8689-78-6
-- издат.: ЕРГО
040 ## - Източник на каталожния запис
Идентификатор на билиотеката - собственик на записа BLK
041 ## - Код за език
Код за езика на текст/звукозапис или на отделно заглавие Български
Код за езика КДБФ Български
072 #7 - Код за тематичната категория
Код организация bullib
Код за тематична категория Н8400
Текст Българска поезия Н
080 ## - УДК
Текстов определител УДК Българска литература
УДК код - определител по УДК 821.163.2
УДК определител -1
УДК - код + определител 821.163.2-1
100 1# - Редна дума - Автор
Автор Еленкова, Цветанка Стефанова
Авторска отговорност първи автор
R(LIN) 372419
139 ## - Редно поле
Редна дума Еленкова, Цветанка Стефанова
Авторски знак Еле - Е 49
245 10 - Сведения за заглавието
Заглавие Увеличение четиридесет
Подзаглавни данни Стихотворения
Редно поле (дума) Цветанка Стефанова Еленкова; предг. от Богомил Гюзел; ред. Яна Букова.
257 ## - Страна на издаване
Страна на създаване/издаване България
260 ## - Област на издателските данни
-- София
Име на издателя, разпространителя и проч. ЕРГО
Година на издаване 2016
Печатница София : Симолини
300 ## - Физическа характеристика
Страници 110 с.
Илюстрации и др. с ил.
Размери/Мащаб 20 см
380 ## - Жанр
Жанр Худож. лит.
490 1# - СЕРИИ (Колекции)
Име на серия Нова българска лира
500 ## - Общи забележки
Забележка За една благодатна книга / Богомил Гюзел: с. 5
659 ## - Тематичен бюлетин
Тематичен бюлетин Н
700 1# - Други автори (авторска отговорност)
Лично име Гюзел, Богомил
Автороска отговорност (Описва отношението между автора и произведението) предг. от
9 (RLIN) 379170
700 1# - Други автори (авторска отговорност)
Лично име Букова, Яна
Автороска отговорност (Описва отношението между автора и произведението) ред.
9 (RLIN) 368664
852 ## - Местоположение
Форматна сигнатура Цб 280621
856 4# - Електронен адрес и достъп
Електронен формат pdf - файл
Път до файла /url/
856 4# - Електронен адрес и достъп
Електронен формат pdf - файл
Път до файла /url/
942 ## - АРТИКУЛИ
Вид на библиотечния материал Книги
Скрит в OPAC Не
944 ## - СЪЗДАВАНЕ И РЕДАКЦИЯ на ЗАПИСА
Създаване/Редакция Създаване
Дата на регистрацията/редакция 26.05.2016
Служител, извършил регистрацията/редакцията Виолета_Тройчева
944 ## - СЪЗДАВАНЕ И РЕДАКЦИЯ на ЗАПИСА
Създаване/Редакция Редакция
Дата на регистрацията/редакция 06.06.2016
Служител, извършил регистрацията/редакцията Симона_Петрова
999 ## - СИСТЕМНИ КОНТРОЛНИ НОМЕРА
Koha biblionumber 179178
Koha biblioitemnumber 179178
Наличности
Код за отписване Код за изгубен артикул Код за повреда Коз за рестрикции Код за отдаване Артикулен № Име на библиотеката - собственик Име на библиотеката, в която се намира в момента Статус (Текущо местоположение) Дата на вписване в системата Местоположение - отдел Цена в лева Инвентарен номер Систематично азбучна сигнатура Баркод Номер на екземпляра Цена в евро Служебна бележка Служебен тип на артикула
  Не е изгубен Не е повреден без рестрикции ползва се в читалня 307372 Регионална библиотека "Любен Каравелов" Русе Регионална библиотека "Любен Каравелов" Русе Хранилище 2016-05-21 Хранилище 9.00 120000800317 Цб 280621 120000800317 1 4.60 Дост: Dp Вид: Д N: 16 Дата: 25.03.2016 Книги
Vip Innovations Ltd, Rousse, Bulgaria 2025